00527pab a2200157 454500008004000000100001700040245015000057260000900207300001300216362000800229650002800237650002500265650002900290650002400319773002600343180718b1999 xxu||||| |||| 00| 0 eng d aHao-Yen Yang aWill electricity shortages restrain the economic growth in NICs?: an application of co-integration and causality techniques to the Taiwan economy c1999 ap.514-22 aDec aPower industry - Taiwan aElectricity - Taiwan aEconomic growth - Taiwan aEconomic conditions aAsian Economic Review